Business and human rights : aclaw - general public international law: acsa / Robert McCorquodale. (Record no. 20674)

000 -LEADER
fixed length control field 01348nam a22001817a 4500
020 ## - INTERNATIONAL STANDARD BOOK NUMBER
ISBN 978019285585 (ebk)
082 ## - DEWEY DECIMAL CLASSIFICATION NUMBER
Classification number 341.48
Item number M1316 2024
100 ## - MAIN ENTRY--AUTHOR NAME
Personal name McCorquodale, Robert, author.
245 ## - TITLE STATEMENT
Title Business and human rights : aclaw - general public international law: acsa / Robert McCorquodale.
250 ## - EDITION STATEMENT
Edition statement First edition.
260 ## - PUBLICATION, DISTRIBUTION, ETC. (IMPRINT)
Place of publication New York :
Name of publisher Oxford University Press,
Year of publication ©2024
300 ## - PHYSICAL DESCRIPTION
Number of Pages 1 online resource, 308 unnumbered pages.
500 ## - GENERAL NOTE
General note Includes bibliographical references and index.
520 ## - SUMMARY, ETC.
Summary, etc "On 3 December 1984, in the densely populated Indian city of Bhopal, there was a major explosion in a factory producing methyl isocyanate gas - a highly toxic substance which is used in rubber and adhesives - which released 47 tons of the gas into the air. It is estimated that this leak caused more than 7,000 people to die within days, a further 15,000 people to die in the following years, and more than 100,000 people have continued to suffer from chronic and debilitating illness. The leak also contaminated the groundwater, which continues to affect the quality of life of the people in the region. The scale of this human rights impact was vast and was described by one judge as the largest peacetime industrial disaster"-- Provided by publisher.
650 ## - SUBJECT ADDED ENTRY--TOPICAL TERM
Topical Term Business.
650 ## - SUBJECT ADDED ENTRY--TOPICAL TERM
Topical Term Human rights.
942 ## - ADDED ENTRY ELEMENTS (KOHA)
Koha item type Electronic Books
Holdings
Source of acquisition Permanent Location Date acquired Collection code Koha item type Lost status Shelving location Withdrawn status Current Location Full call number
DonationCagayan State University - Carig Library2025-06-17E-BooksElectronic Books Electronic Media Center Cagayan State University - Carig Library341.48 M1316 2024

Cagayan State University University Library, Carig Campus
Tuguegarao City, Cagayan 3500 | www.csucarig.edu.ph

Powered by Koha